000 00305nam a2200121Ia 4500
005 20260328104303.0
008 260328s9999||||xx |||||||||||||| ||und||
100 _aEydoux, Henri-Paul
245 0 _aIn Search Of Lost Worlds /
_cHenri-Paul Eydoux
260 _bHamlyn
650 _aARQUEOLOGÍA
942 _cBK
999 _c10652
_d10652